Design fabrication and characterization of front-end receiver for 5 GHZ WLAN applications / (Record no. 615863)
[ view plain ]
| 000 -LEADER | |
|---|---|
| fixed length control field | 00727nam a22001817a 4500 |
| 003 - CONTROL NUMBER IDENTIFIER | |
| control field | NUST |
| 005 - DATE AND TIME OF LATEST TRANSACTION | |
| control field | 20260119164257.0 |
| 082 ## - DEWEY DECIMAL CLASSIFICATION NUMBER | |
| Classification number | 621.382,BIL |
| 100 ## - MAIN ENTRY--PERSONAL NAME | |
| Personal name | Bilal, Arsal |
| 9 (RLIN) | 132835 |
| 245 ## - TITLE STATEMENT | |
| Title | Design fabrication and characterization of front-end receiver for 5 GHZ WLAN applications / |
| Statement of responsibility, etc. | Arsal Bilal, Waleed Ullah, Imran Haider and Nadeem Hamayun (BETE-51) |
| 260 ## - PUBLICATION, DISTRIBUTION, ETC. | |
| Place of publication, distribution, etc. | Rawalpindi |
| Name of publisher, distributor, etc. | MCS (NUST) |
| Date of publication, distribution, etc. | July, 2018 |
| 300 ## - PHYSICAL DESCRIPTION | |
| Extent | xiii,28 p.; |
| 505 ## - FORMATTED CONTENTS NOTE | |
| Formatted contents note | Introduction (Page-1), Radio Frequency Theory (Page-4), Design Process (Page-7), Simulated Results (Page-23), Conclusion (Page-26). |
| 650 ## - SUBJECT ADDED ENTRY--TOPICAL TERM | |
| Topical term or geographic name entry element | UG Project |
| 9 (RLIN) | 131132 |
| 651 ## - SUBJECT ADDED ENTRY--GEOGRAPHIC NAME | |
| Geographic name | BETE-51 |
| 9 (RLIN) | 132836 |
| 700 ## - ADDED ENTRY--PERSONAL NAME | |
| Personal name | Supervised by Dr. Farooq Ahmed Bhatti. |
| 9 (RLIN) | 132495 |
| 942 ## - ADDED ENTRY ELEMENTS (KOHA) | |
| Source of classification or shelving scheme | |
| Koha item type | Project Report |
| Withdrawn status | Lost status | Source of classification or shelving scheme | Damaged status | Not for loan | Permanent Location | Current Location | Shelving location | Date acquired | Total Checkouts | Full call number | Barcode | Date last seen | Price effective from | Koha item type | Public note |
|---|---|---|---|---|---|---|---|---|---|---|---|---|---|---|---|
| Military College of Signals (MCS) | Military College of Signals (MCS) | Reference | 01/19/2026 | 621.382,BIL | MCSPTE-271 | 01/19/2026 | 01/19/2026 | Project Report | Almirah No. 90, Shelf No.4 |
